00664 2200241 4500001002100000005001700021008004100038035002600079245002200105100002200127250000700149260004900156300004300205020002200248082000800270084001100278650004300289990001800332990001800350990001800368990001800386990001800404INLIS00000000000301620191230012217.0191230| ||| | ind  a 0010-12190000000301600cYunita Ayu Kemala0 aYunita Ayu Kemala a15 aErlangga : JakartabErlangga : Jakartac2014 a72 hlm, Rp.95.000 ;c72 hlm, Rp.95.000 a978-979-099-632-80 a700 a745,92 0aPanduan Praktis Merangkai Bunga 745.92 aB201708317581 aB201708317579 aB201708317580 aB201708317582 aB201708317583